| Tag |
First Indicator |
Second Indicator |
Subfields |
| LEADER |
00000cam a2200000 4500 |
| 001 |
in00000058566 |
| 005 |
20151007082352.0 |
| 008 |
740311s1942 eng u |
| 010 |
|
|
|a 42002922
|
| 035 |
|
|
|a (OCoLC)00826681
|
| 035 |
|
|
|9 AAF7767AM
|
| 040 |
|
|
|c RGC
|d TXA
|d UtOrBLW
|
| 049 |
|
|
|a TXAM
|c [158993]
|
| 050 |
|
0 |
|a PN4735
|b .B5
|
| 092 |
|
|
|a 070.1
|b B618n
|
| 100 |
1 |
|
|a Bird, George Lloyd.
|
| 245 |
1 |
4 |
|a The newspaper and society ;
|b a book of readings /
|c Edited by George L. Bird and Frederic E. Merwin.
|
| 264 |
|
1 |
|a New York :
|b Prentice-Hall,
|c [1942]
|
| 300 |
|
|
|a xviii, 627 pages ;
|c 23 cm.
|
| 336 |
|
|
|a text
|b txt
|2 rdacontent
|
| 337 |
|
|
|a unmediated
|b n
|2 rdamedia
|
| 338 |
|
|
|a volume
|b nc
|2 rdacarrier
|
| 490 |
1 |
|
|a Prentice-Hall journalism series
|
| 650 |
|
0 |
|a Press.
|
| 650 |
|
0 |
|a Press
|z United States.
|
| 700 |
1 |
|
|a Merwin, Frederic Eaton.
|
| 830 |
|
0 |
|a Prentice-Hall journalism series.
|
| 999 |
|
|
|a MARS
|
| 999 |
f |
f |
|s 7a034fd9-8960-3ee8-807f-228952eea1f1
|i 45723441-210b-3f1b-a4a6-9f8082744e30
|t 0
|
| 952 |
f |
f |
|p ric
|a Texas A&M University
|b Rellis Campus
|c Joint Library Facility
|d Remote Storage
|t 0
|e PN4735 .B5
|h Library of Congress classification
|i unmediated -- volume
|m A14800500308
|
| 998 |
f |
f |
|a PN4735 .B5
|t 0
|l Remote Storage
|